000 01553nam a2200469 i 4500
001 23403
003 KOSZ 005
005 20200311163051.0
008 981023s1986 pl a f |001 0 pol d
015 _aUWD 1987/2001
020 _a8322318561
035 _a991007112139705066
035 _a(PL-WaBN)b1184811x-48omnis_nlop
035 _ab1184811x
035 _a(OCoLC)804517043
035 _a(PL)b0000001184811
035 _a(EXLNZ-48OMNIS_NETWORK)9910156528305606
040 _aWA N
_cWA N
_dKOSZ 005/EG
041 0 _apol
046 _k1980
080 _a008
080 _a(438)
100 1 _aSuchodolski, Bogdan
_d(1903-1992)
_eAutor
245 1 0 _aDzieje kultury polskiej /
_cBogdan Suchodolski ; [wybór il. i podpisy Maria Suchodolska].
250 _aWyd. 2 zm. i rozsz.
260 _aWarszawa :
_b"Interpress",
_c1986[i.e. ] 1987.
300 _a398, [2] s., [288] s. tabl. (w tym kolor. ) :
_bil., faks., fot., portr. ;
_c33 cm.
336 _2rdacontent
_aTekst
_btxt
337 _2rdamedia
_aBez urządzenia pośredniczącego
_bn
338 _2rdacarrier
_aWolumin
_bnc
380 _aKsiążki
388 _a1901-2000
504 _aIndeks.
650 _aKultura
651 7 _aPolska
_2DBN
658 _aKultura i sztuka
700 1 _aSuchodolska, Maria
_d(1903-1998)
_eOpracowanie
710 2 _aWydawnictwo Interpress
856 _uhttp://koha.tu.koszalin.pl/cgi-bin/koha/opac-detail.pl?biblionumber=23403
_yKatalog online BPK
942 _2UKD
_cKS
999 _c23403
_d23403